000 00469nam a22001697a 4500
005 20251108172002.0
008 250721s1985 xx 000 0 ara d
082 1 4 _a956.2/عصا
100 1 _aخليفة، عصام كمال
245 1 0 _aأبحاث في تاريخ لبنان المعاصر /
264 1 _aبيروت :
_bدار الجيل،
_c1985.
300 _a149ص
650 1 7 _aلبنان
650 1 7 _aالتاريخ
942 _2ddc
_cBK
999 _c67604
_d67604